[Event "BL2 Sued 1920 (Women)"]
[Site "Germany"]
[Date "2019.09.14"]
[Round "1.4"]
[White "Spiegelberg, Silvia"]
[Black "Froehlich, Franziska"]
[Result "1-0"]
[WhiteElo "1888"]
[BlackElo "1876"]
[PlyCount "107"]
[EventDate "2019.09.14"]
[EventType "team-tourn"]
[EventRounds "7"]
[EventCountry "GER"]
[SourceTitle "EXT 2021"]
[Source "ChessBase"]
[SourceDate "2020.10.23"]
[SourceVersion "1"]
[SourceVersionDate "2020.10.23"]
[SourceQuality "1"]
[WhiteTeam "Freiburg Zaehringen (W)"]
[BlackTeam "Stuttgart Wolfbusch (W)"]
[WhiteTeamCountry "GER"]
[BlackTeamCountry "GER"]

1. e4 e6 2. d4 d5 3. Nd2 Nf6 4. Bd3 c5 5. c3 Nc6 6. e5 Nd7 7. Ngf3 g6 8. 0-0 Bg7 9. Re1 0-0 10. Nf1 f6 11. exf6 Qxf6 12. Bg5 Qf7 13. Be3 cxd4 14. cxd4 e5 15. Bc2 e4 16. Ng5 Qf6 17. Bb3 Nxd4 18. Bxd5+ Kh8 19. Nxe4 Qe5 20. Nc3 Nf5 21. Bc5 Qxe1 22. Qxe1 Nxc5 23. Qd2 Be6 24. Bxe6 Nxe6 25. Ng3 Rad8 26. Qc2 Nfd4 27. Qa4 a6 28. Nce4 Rd5 29. Re1 Nf4 30. Nc3 Rd6 31. Re8 Rd8 32. Rxf8+ Rxf8 33. f3 Nd3 34. Qd7 b5 35. Nce4 Nxb2 36. Ng5 Nc4 37. Qd5 h6 38. Ne6 Nxe6 39. Qxe6 Kh7 40. Qxa6 Rd8 41. Ne4 Rd1+ 42. Kf2 Rb1 43. Qa7 Rb2+ 44. Kg3 g5 45. Qf7 Kh8 46. a4 Ne5 47. Qe8+ Kh7 48. axb5 Ng6 49. Qf7 h5 50. Nxg5+ Kh6 51. Ne6 Bh8 52. Qf5 Rxg2+ 53. Kh3 Re2 54. Qg5+ 1-0

[Event "BL2 Sued 1819 (Women)"]
[Site "Germany"]
[Date "2018.11.17"]
[Round "3.6"]
[White "Buchholz, Maja Patricia"]
[Black "Spiegelberg, Silvia"]
[Result "1/2-1/2"]
[WhiteElo "1365"]
[BlackElo "1893"]
[PlyCount "107"]
[EventDate "2018.10.27"]
[EventType "team-tourn"]
[EventRounds "7"]
[EventCountry "GER"]
[SourceTitle "CBM 190 Extra"]
[Source "ChessBase"]
[SourceDate "2019.07.15"]
[SourceVersion "1"]
[SourceVersionDate "2019.07.15"]
[SourceQuality "1"]
[WhiteTeam "Langen (W)"]
[BlackTeam "Freiburg Zaehringen (W)"]
[WhiteTeamCountry "GER"]
[BlackTeamCountry "GER"]

1. c4 c5 2. g3 Nf6 3. Bg2 d5 4. cxd5 Nxd5 5. Nf3 Nc6 6. b3 e5 7. d3 Be7 8. Bb2 f6 9. 0-0 0-0 10. Nbd2 Be6 11. Rc1 Rc8 12. Ne4 b6 13. Qd2 Qe8 14. e3 Rd8 15. Rfd1 Ndb4 16. d4 Nxa2 17. Ra1 Bxb3 18. Rdb1 Nab4 19. Rc1 f5 20. Qc3 Bf7 21. Neg5 Nd5 22. Qc2 e4 23. Nxf7 Qxf7 24. Nd2 Ndb4 25. Qa4 Na5 26. Bf1 Nd3 27. Rcb1 Kh8 28. Bc3 cxd4 29. Bxd4 Nc5 30. Qb5 Qe8 31. Qb2 Qg6 32. Nc4 Nxc4 33. Bxc4 a5 34. Qxb6 Qxb6 35. Rxb6 Ra8 36. Rb5 Rfc8 37. Raxa5 Rxa5 38. Rxa5 h6 39. Bxc5 Rxc5 40. Rxc5 Bxc5 41. h3 Kh7 42. Bd5 Kg6 43. g4 Kg5 44. gxf5 Kxf5 45. Kg2 g5 46. Bc6 Ke5 47. Kg3 Bb4 48. h4 gxh4+ 49. Kxh4 Be1 50. Kg3 h5 51. Bd7 Kf6 52. Kg2 Kg5 53. Bh3 Bd2 54. Bd7 1/2-1/2

[Event "BL2 Sued 1718 (Women)"]
[Site "Germany"]
[Date "2017.10.14"]
[Round "1.3"]
[White "Mayrhuber, Nikola"]
[Black "Spiegelberg, Silvia"]
[Result "1-0"]
[WhiteElo "2134"]
[BlackElo "1887"]
[PlyCount "165"]
[EventDate "2017.10.14"]
[EventType "team-tourn"]
[EventRounds "7"]
[EventCountry "GER"]
[SourceTitle "EXT 2019"]
[Source "ChessBase"]
[SourceDate "2018.10.10"]
[SourceVersion "1"]
[SourceVersionDate "2018.10.10"]
[SourceQuality "1"]
[WhiteTeam "Muenchen Bayern (W)"]
[BlackTeam "Gernsheim (W)"]
[WhiteTeamCountry "GER"]
[BlackTeamCountry "GER"]

1. d4 Nf6 2. c4 e5 3. dxe5 Ng4 4. Nf3 Bc5 5. e3 Nc6 6. Nc3 0-0 7. Be2 Ngxe5 8. 0-0 Re8 9. b3 a5 10. Bb2 Ra6 11. Ne4 Bf8 12. Ng3 Nxf3+ 13. Bxf3 Ne5 14. Be2 Rh6 15. Qd5 d6 16. Rfd1 Qh4 17. Nf1 Qg5 18. f4 Qh4 19. fxe5 dxe5 20. Qxa5 Bd6 21. Qe1 Qe7 22. e4 Bc5+ 23. Kh1 Qf6 24. Bf3 Qb6 25. Bc1 Rg6 26. Be3 Bd4 27. Rac1 c5 28. Bg1 Qf6 29. Ne3 Qf4 30. Nd5 Qg5 31. Be3 Qd8 32. Qf2 Rd6 33. Re1 Rf8 34. Qg3 Rg6 35. Qf2 f5 36. Qd2 f4 37. Bxd4 cxd4 38. Qe2 Rh6 39. Qf2 Qg5 40. Rcd1 Rh4 41. Rf1 Re8 42. Kg1 Re6 43. Rfe1 Reh6 44. Kf1 Rxh2 45. Ke2 Bg4 46. Rg1 Bh3 47. Kd3 Rg6 48. Rd2 Kf8 49. Qf1 Bg4 50. Rh1 Rxh1 51. Qxh1 Rh6 52. Qf1 Qh5 53. b4 Ra6 54. Rf2 Ra3+ 55. Kc2 Rxa2+ 56. Kb3 Ra8 57. Ra2 Rxa2 58. Kxa2 Qg6 59. c5 Be6 60. Qc4 Qe8 61. Kb3 g5 62. b5 g4 63. Be2 Qf7 64. c6 bxc6 65. bxc6 f3 66. gxf3 gxf3 67. Bf1 f2 68. Qb4+ Kg7 69. Qb7 Kh6 70. Qxf7 Bxf7 71. c7 Be6 72. Kc2 Kg5 73. Nb6 Kf4 74. Kd3 Kg3 75. c8Q Bxc8 76. Nxc8 Kh2 77. Ne7 Kg1 78. Be2 f1Q 79. Bxf1 Kxf1 80. Nc6 h5 81. Nxe5 Kf2 82. Ng6 Kg3 83. e5 1-0

[Event "Regionalliga SW 1516 (Women)"]
[Site "Germany"]
[Date "2016.02.28"]
[Round "5.2"]
[White "Stitterich, Nadine"]
[Black "Spiegelberg, Silvia"]
[Result "1/2-1/2"]
[WhiteElo "1941"]
[BlackElo "1810"]
[PlyCount "106"]
[EventDate "2015.09.27"]
[EventType "team-tourn"]
[EventRounds "5"]
[EventCountry "GER"]
[SourceTitle "EXT 2018"]
[Source "ChessBase"]
[SourceDate "2017.10.13"]
[SourceVersion "1"]
[SourceVersionDate "2017.10.13"]
[SourceQuality "1"]
[WhiteTeam "Stuttgart Wolfbusch (W)"]
[BlackTeam "Gernsheim (W)"]
[WhiteTeamCountry "GER"]
[BlackTeamCountry "GER"]

1. e4 e5 2. Nf3 Nc6 3. Bb5 a6 4. Ba4 Nf6 5. 0-0 Be7 6. Re1 b5 7. Bb3 0-0 8. c3 d5 9. exd5 Nxd5 10. d4 exd4 11. Nxd4 Nxd4 12. Qxd4 Bb7 13. c4 Bf6 14. Qd2 Nb6 15. cxb5 axb5 16. Qc2 Re8 17. Rd1 Qe7 18. Be3 Be5 19. Nd2 Qh4 20. Nf1 Na4 21. Qf5 Qf6 22. Qxf6 Bxf6 23. Rd7 Re7 24. Rad1 Bc6 25. Rxe7 Bxe7 26. Rc1 Ra6 27. Bd4 Bd6 28. Ne3 Be4 29. f3 Bg6 30. Nd1 c5 31. Bf2 c4 32. Bxa4 Rxa4 33. Nc3 Ra5 34. Rd1 Be7 35. Rd5 h6 36. Rxb5 Rxb5 37. Nxb5 Bb1 38. a4 Bb4 39. Bd4 Bc2 40. Bc3 Bc5+ 41. Kf1 Bxa4 42. Na3 Bb3 43. Ke2 Kf8 44. Nb5 g6 45. Nd4 Ba4 46. f4 Ke7 47. g4 Kd6 48. Nf3 Kd5 49. Nd2 Bd6 50. Ke3 Bd1 51. Ne4 Be7 52. h3 Bd8 53. Bd4 Bc2 1/2-1/2

[Event "Verbandsliga Suedbaden 1415"]
[Site "Baden"]
[Date "2015.01.25"]
[Round "5.8"]
[White "Hurst, Peter"]
[Black "Spiegelberg, Silvia"]
[Result "1-0"]
[WhiteElo "2154"]
[BlackElo "1882"]
[PlyCount "115"]
[EventDate "2014.10.12"]
[EventType "team-tourn"]
[EventRounds "9"]
[EventCountry "GER"]
[SourceTitle "EXT 2022"]
[Source "ChessBase"]
[SourceDate "2021.10.06"]
[SourceVersion "1"]
[SourceVersionDate "2021.10.06"]
[SourceQuality "1"]
[WhiteTeam "Lahr"]
[BlackTeam "Sasbach"]
[WhiteTeamCountry "GER"]
[BlackTeamCountry "GER"]

1. d4 d5 2. e3 e6 3. f4 c5 4. Nf3 Nc6 5. c3 Nge7 6. dxc5 Nf5 7. b4 Qf6 8. Bb5 Bd7 9. Bxc6 Bxc6 10. 0-0 a5 11. Ne5 Nh4 12. Na3 axb4 13. cxb4 Ng6 14. b5 Bd7 15. Nxd7 Qxa1 16. Nxf8 Nxf8 17. Qb3 Qf6 18. c6 Qe7 19. Bb2 f6 20. f5 Kf7 21. fxe6+ Qxe6 22. Nc2 bxc6 23. Nd4 Qd6 24. Nf5 Qd7 25. bxc6 Qxc6 26. e4 Rd8 27. Rd1 Qe6 28. Rf1 dxe4 29. Qg3 Ng6 30. Ba3 Rd3 31. Qc7+ Rd7 32. Nd6+ Kg8 33. Qc8+ Nf8 34. Nxe4 Rf7 35. Qa8 h6 36. Nd6 Qe3+ 37. Kh1 Ra7 38. Qd5+ Qe6 39. Qc5 Ra8 40. Nf5 Kh7 41. Qc2 Rc8 42. Qb1 Ng6 43. Ne7 Qg4 44. h3 Qg5 45. Nxc8 Rxc8 46. Bc1 Qh5 47. Be3 Kh8 48. Bd4 Nh4 49. Qe4 Re8 50. Qf4 Qe2 51. Rf2 Qe1+ 52. Kh2 Ng6 53. Qg4 Ne5 54. Qh5 Nd3 55. Bxf6 Qe3 56. Rf3 Qe4 57. Qxh6+ Qh7 58. Bxg7+ 1-0

[Event "Oberliga Baden 1314"]
[Site "Germany"]
[Date "2014.03.16"]
[Round "8.8"]
[White "Spiegelberg, Silvia"]
[Black "Klumpp, Jochen"]
[Result "1/2-1/2"]
[WhiteElo "1921"]
[BlackElo "2142"]
[PlyCount "52"]
[EventDate "2013.10.13"]
[EventType "team-tourn"]
[EventRounds "9"]
[EventCountry "GER"]
[SourceTitle "EXT 2015"]
[Source "ChessBase"]
[SourceDate "2014.11.20"]
[SourceVersion "1"]
[SourceVersionDate "2014.11.20"]
[SourceQuality "1"]
[WhiteTeam "Dreisamtal"]
[BlackTeam "Kuppenheim"]
[WhiteTeamCountry "GER"]
[BlackTeamCountry "GER"]

1. e4 d6 2. Bc4 Nf6 3. d3 c6 4. Bb3 g6 5. f4 Bg7 6. Nf3 0-0 7. Nc3 d5 8. Qe2 Na6 9. Qf2 Ng4 10. Qh4 dxe4 11. Nxe4 Bf5 12. h3 Nf6 13. Nfg5 Bxe4 14. Nxe4 Nxe4 15. dxe4 Nc5 16. e5 Qd4 17. Qf2 Qb4+ 18. Bd2 Qe4+ 19. Qe2 Rfd8 20. Qxe4 Nxe4 21. Be3 Ng3 22. Rg1 Bh6 23. Kf2 Nf5 24. Rad1 e6 25. g4 Nxe3 26. Kxe3 Bf8 1/2-1/2

[Event "GER-ch U18 Girls"]
[Site "Oberhof"]
[Date "2013.05.24"]
[Round "8"]
[White "Tran, My Linh"]
[Black "Spiegelberg, Silvia"]
[Result "0-1"]
[WhiteElo "2085"]
[BlackElo "1926"]
[PlyCount "80"]
[EventDate "2013.05.19"]
[EventType "swiss"]
[EventRounds "9"]
[EventCountry "GER"]
[SourceTitle "CBM 154 Extra"]
[Source "ChessBase"]
[SourceDate "2013.06.25"]
[SourceVersion "2"]
[SourceVersionDate "2013.06.25"]
[SourceQuality "1"]

1. e4 c5 2. Nf3 d6 3. Nc3 Nf6 4. d3 a6 5. a4 Nc6 6. h3 e6 7. Be3 d5 8. exd5 exd5 9. d4 cxd4 10. Nxd4 Bb4 11. Bd3 0-0 12. 0-0 Ne5 13. Nce2 Bd6 14. Nf5 Bc7 15. c3 Nxd3 16. Qxd3 Ne4 17. Nfd4 Qf6 18. Rad1 Re8 19. Bc1 Nc5 20. Qc2 Bd7 21. b3 Re7 22. Be3 Ne4 23. Qc1 Qg6 24. Kh1 Rae8 25. Bf4 Bb6 26. Bh2 Qf6 27. Qf4 Bxd4 28. cxd4 Qb6 29. Ng3 Qxb3 30. a5 Bb5 31. Rb1 Qc3 32. Rfd1 Qxa5 33. Nf5 Re6 34. Rb2 Nc3 35. Rc1 Re1+ 36. Rxe1 Rxe1+ 37. Bg1 Qa1 38. Rxb5 Rxg1+ 39. Kh2 Rh1+ 40. Kg3 Ne2+ 0-1

[Event "GER-ch U18 Girls"]
[Site "Oberhof"]
[Date "2013.05.21"]
[Round "4"]
[White "Spiegelberg, Silvia"]
[Black "Kuckling, Hannah"]
[Result "1/2-1/2"]
[WhiteElo "1926"]
[BlackElo "1909"]
[PlyCount "119"]
[EventDate "2013.05.19"]
[EventType "swiss"]
[EventRounds "9"]
[EventCountry "GER"]
[SourceTitle "CBM 154 Extra"]
[Source "ChessBase"]
[SourceDate "2013.06.25"]
[SourceVersion "2"]
[SourceVersionDate "2013.06.25"]
[SourceQuality "1"]

1. e4 c5 2. Nf3 e6 3. d4 cxd4 4. Nxd4 Nc6 5. Nb5 d6 6. Bf4 e5 7. Be3 Nf6 8. Bg5 a6 9. Bxf6 gxf6 10. N5c3 Be6 11. Nd2 Be7 12. Bc4 Rc8 13. Bxe6 fxe6 14. Nb3 Qb6 15. Qg4 Kd7 16. Nd5 Qd8 17. Rd1 b6 18. 0-0 f5 19. exf5 exd5 20. f6+ Kc7 21. fxe7 Nxe7 22. f4 Qd7 23. Qe2 Qb5 24. Qd2 Kb7 25. f5 Rhf8 26. Qg5 Qd7 27. f6 Ng6 28. c3 Nf4 29. Qh6 Rg8 30. Rd2 Rg6 31. Qh4 Rcg8 32. Rxf4 exf4 33. Qh5 Qf7 34. Qf3 Rxf6 35. Rxd5 Ka7 36. Nd4 Qe8 37. Nc2 Rfg6 38. Rd2 Qa8 39. Qh3 R8g7 40. a4 Qe4 41. b4 h5 42. a5 f3 43. axb6+ Kxb6 44. g3 h4 45. Kf2 hxg3+ 46. hxg3 Qe5 47. Ne3 Qxg3+ 48. Qxg3 Rxg3 49. Rxd6+ Kb7 50. Nf5 R3g6 51. Rxg6 Rxg6 52. Kxf3 Rg1 53. Ke4 Kb6 54. Nd4 Rg3 55. c4 Rg5 56. c5+ Kb7 57. Kd3 Rg1 58. Kc4 Rc1+ 59. Kd5 Rb1 60. Kc4 1/2-1/2

[Event "GER-ch U18 Girls"]
[Site "Oberhof"]
[Date "2013.05.19"]
[Round "2"]
[White "Spiegelberg, Silvia"]
[Black "Winterholler, Christina"]
[Result "1/2-1/2"]
[WhiteElo "1926"]
[BlackElo "1891"]
[PlyCount "69"]
[EventDate "2013.05.19"]
[EventType "swiss"]
[EventRounds "9"]
[EventCountry "GER"]
[SourceTitle "CBM 154 Extra"]
[Source "ChessBase"]
[SourceDate "2013.06.25"]
[SourceVersion "2"]
[SourceVersionDate "2013.06.25"]
[SourceQuality "1"]

1. e4 Nc6 2. Bc4 e6 3. Nc3 Nf6 4. d4 d5 5. exd5 exd5 6. Be2 Bb4 7. Bf3 h6 8. Nge2 Bf5 9. 0-0 0-0 10. a3 Ba5 11. Nf4 Ne7 12. b4 Bb6 13. Re1 c6 14. Nh5 Nxh5 15. Bxh5 Bg6 16. Bg4 Nf5 17. Ne2 Qf6 18. c3 Nd6 19. Ng3 Nc4 20. Nh5 Bxh5 21. Bxh5 Rfe8 22. Be2 Nd6 23. Bd3 Bc7 24. f3 Nc4 25. Bxc4 Bxh2+ 26. Kf1 dxc4 27. Be3 Bg3 28. Bf2 Bc7 29. Qc2 Re7 30. Rxe7 Qxe7 31. Re1 Qd6 32. Qe2 b5 33. Qe4 a5 34. Qe7 axb4 35. axb4 1/2-1/2

[Event "GER-ch U16 Girls"]
[Site "Oberhof"]
[Date "2012.06.02"]
[Round "9"]
[White "Michels, Kim"]
[Black "Spiegelberg, Silvia"]
[Result "0-1"]
[WhiteElo "1510"]
[BlackElo "1914"]
[PlyCount "58"]
[EventDate "2012.05.27"]
[EventType "swiss"]
[EventRounds "9"]
[EventCountry "GER"]
[SourceTitle "CBM 148 Extra"]
[Source "ChessBase"]
[SourceDate "2012.06.22"]
[SourceVersion "1"]
[SourceVersionDate "2012.06.22"]
[SourceQuality "1"]

1. e4 e5 2. Nf3 Nc6 3. Bc4 Bc5 4. c3 Nf6 5. d3 a6 6. Bb3 Ba7 7. Nbd2 0-0 8. h3 d5 9. Qe2 Be6 10. Bc2 dxe4 11. dxe4 h6 12. Nf1 b5 13. b3 b4 14. cxb4 Nxb4 15. Bb2 Bd4 16. Rd1 c5 17. Nxe5 Qa5 18. Nd2 Nxc2+ 19. Kf1 Bxe5 20. Bxe5 Nd4 21. Qe3 Nd7 22. Bxd4 cxd4 23. Qxd4 Qxa2 24. Ra1 Qc2 25. Ke2 Qc5 26. Qd3 Ne5 27. Qg3 Qb5+ 28. Kd1 Rfd8 29. f4 Bxb3+ 0-1

[Event "GER-ch U16 Girls"]
[Site "Oberhof"]
[Date "2012.05.31"]
[Round "7"]
[White "Burgardt, Sabrina"]
[Black "Spiegelberg, Silvia"]
[Result "0-1"]
[WhiteElo "1281"]
[BlackElo "1914"]
[PlyCount "56"]
[EventDate "2012.05.27"]
[EventType "swiss"]
[EventRounds "9"]
[EventCountry "GER"]
[SourceTitle "CBM 148 Extra"]
[Source "ChessBase"]
[SourceDate "2012.06.22"]
[SourceVersion "1"]
[SourceVersionDate "2012.06.22"]
[SourceQuality "1"]

1. e4 e5 2. Nf3 Nc6 3. Bb5 a6 4. Bxc6 dxc6 5. d3 Bd6 6. 0-0 Nf6 7. b3 Bg4 8. Nbd2 Qe7 9. h3 Bh5 10. Bb2 0-0-0 11. Qc1 h6 12. a4 g5 13. Nh2 Rhg8 14. g4 Bg6 15. Ba3 h5 16. f3 hxg4 17. fxg4 Rh8 18. Kg2 Ne8 19. Nc4 Ng7 20. Bxd6 cxd6 21. Nb6+ Kc7 22. a5 Ne6 23. c4 Nf4+ 24. Rxf4 exf4 25. b4 Bxe4+ 26. Kf2 Rxh3 27. dxe4 Rxh2+ 28. Kg1 Qxe4 0-1

[Event "GER-ch U16 Girls"]
[Site "Oberhof"]
[Date "2012.05.27"]
[Round "2"]
[White "Spiegelberg, Silvia"]
[Black "Kuckling, Hannah"]
[Result "0-1"]
[WhiteElo "1914"]
[BlackElo "1783"]
[PlyCount "50"]
[EventDate "2012.05.27"]
[EventType "swiss"]
[EventRounds "9"]
[EventCountry "GER"]
[SourceTitle "CBM 148 Extra"]
[Source "ChessBase"]
[SourceDate "2012.06.22"]
[SourceVersion "1"]
[SourceVersionDate "2012.06.22"]
[SourceQuality "1"]

1. e4 c5 2. Nf3 e6 3. d4 cxd4 4. Nxd4 Nc6 5. Be3 Qc7 6. c4 Nf6 7. Nc3 Bb4 8. f3 d5 9. exd5 exd5 10. Nxc6 Bxc3+ 11. bxc3 Qxc6 12. Qb3 0-0 13. Kf2 Be6 14. Qb5 Qc7 15. Rb1 b6 16. c5 Rfc8 17. cxb6 axb6 18. Bd4 Rxa2+ 19. Be2 Nd7 20. Qb3 Rca8 21. Bxb6 Nxb6 22. Qxb6 Qxc3 23. Rhc1 Qe5 24. Qb5 Bd7 25. Qd3 Bf5 0-1

[Event "Baden-ch U14/20 Girls"]
[Site "Karlsruhe Durlach"]
[Date "2012.01.04"]
[Round "6"]
[White "Spiegelberg, Silvia"]
[Black "Kast, Larissa"]
[Result "1-0"]
[WhiteElo "1875"]
[BlackElo "1243"]
[PlyCount "20"]
[EventDate "2012.01.02"]
[EventType "swiss"]
[EventRounds "7"]
[EventCountry "GER"]
[SourceTitle "EXT 2015"]
[Source "ChessBase"]
[SourceDate "2014.11.20"]
[SourceVersion "1"]
[SourceVersionDate "2014.11.20"]
[SourceQuality "1"]

1. Nf3 Nc6 2. g3 e5 3. d4 exd4 4. Nxd4 Bc5 5. Nxc6 Qf6 6. e3 Qxc6 7. Rg1 Nf6 8. Nc3 d5 9. Bb5 Bd7 10. Bxc6 Bxc6 1-0